000 00557nam a22001937a 4500
003 Ost
005 20260313033058.0
008 260313b |||||||| |||| 00| 0 eng d
020 _a9780367191412
040 _cBT-PhCST
050 _a25746
082 _222
_a333.7
_bTOR
100 _aTortajada, Cecilia.
245 _aIntegrated water resources management :
_bfrom concept to implementation /
260 _aNew York :
_bRoutledge Taylor and Francis,
_cc2016.
300 _axiv, 267 p. :
_bill. ;
_c24 cm.
500 _aIncludes index.
942 _2ddc
_cWRE
999 _c10193
_d10193